000 00329nam a22001457a 4500
008 221122b ||||| |||| 00| 0 eng d
020 _a2740324795876
041 _aeng
080 _215EDITION
_a159.9
082 _a159.9MAY
100 _a25
101 _aPSI
245 _aVOICE AND ARTICULATION
_cMAYER V L
942 _2udc
_cBK
999 _c58999
_d58999